| 000 | 00764nas a2200265 4500 | ||
|---|---|---|---|
| 001 | BR7903261 | ||
| 003 | BR-BrBNA | ||
| 005 | 20231205083738.0 | ||
| 007 | ta | ||
| 008 | 230509b bl.|||p| |||| 00| 00por d | ||
| 040 |
_aBR-BrBNA _bpor _cBiblioteca Nacional de Agricultura |
||
| 041 | _a(Pt) | ||
| 072 | _aF25 | ||
| 100 | 1 | _aTedesco, M.J. | |
| 100 | 1 | _aZanotto, D.L. | |
| 245 | 1 | _aUtilizacao de residuo alcalino da industria de celulose na correcao da acidez do solo | |
| 650 | _aACIDEZ | ||
| 650 | _aSOLO | ||
| 650 | _aCORRETIVO | ||
| 650 | _aALCALI | ||
| 650 | _aCELULOSE | ||
| 773 | 0 |
_tAgronomia Sulriograndense (Brazil) _xISSN 0400-8111 _g(1978), v. 1482) p. 329-336 _wBR7903261 |
|
| 909 |
_a202311 _bLúcia _c55 _dLúcia Elande |
||
| 942 |
_2AGRIS _n0 _cANA |
||
| 999 |
_c100921 _d100921 |
||